Word Ladder: Van Halen Song Quiz Stats

 Plays Quiz Updated May 24, 2019

Score 0/22 Timer 03:00
1 Play Today
Hint 4-Letter Word % Correct
Set of actors in a film or TV showCAST
99.1%
Winter jacketCOAT
98.8%
PriceCOST
98.6%
Informal conversationCHAT
97.3%
Someone from the UKBRIT
97%
Breathe heavily, like a dogPANT
97%
TV show about Oceanic Flight 815LOST
96.3%
Having little flesh or fatTHIN
96.2%
Have a desireWANT
96.2%
Antonym of thisTHAT
96.1%
Edge of a cup or hatBRIM
95.6%
Hint 4-Letter Word % Correct
HistoryPAST
95.5%
Misplace or get defeatedLOSE
95.3%
Lure used for fishingBAIT
95.1%
Losing positionLAST
95%
HesitateWAIT
94.7%
Comparison wordTHAN
93.8%
Crop or cut something downTRIM
92.2%
Van Halen song: Why [Rung 1] [Rung 9] Be [Rung 22]?• THIS •
84.7%
Van Halen song: Why [Rung 1] [Rung 9] Be [Rung 11]?• CAN'T •
84.7%
Divergent main characterTRIS
79.4%
Van Halen song: Why [Rung 1] [Rung 9] Be [Rung 22]?• LOVE •
78.1%

Today's Daily Dose

You're not logged in!

Compare scores with friends on all Sporcle quizzes.
OR
Log In

Sporcle TV

Today on Sporcle TV


Watch our educational content, quiz creation guides, and fun videos on Sporcle TV.

Show Comments

Extras

Top Quizzes Today


Score Distribution

Your Account Isn't Verified!

In order to create a playlist on Sporcle, you need to verify the email address you used during registration. Go to your Sporcle Settings to finish the process.

Report this User

Report this user for behavior that violates our Community Guidelines.

Details: